000 00630nam a2200241Ia 4500
003 OSt
005 20221007070750.0
006 a|||||r|||| 00| 0
007 ta
008 221006b |||||||| |||| 00| 0 eng d
024 _a4,884
037 _cTextual
040 _aFLL
_cFLL
_beng
041 _2eng
_aeng
082 _aZ2,2;4, P2
100 _aSarathi Vepa P. Au.
_9681827
245 0 _aLaw of transfer of property
250 _a3rd
260 _aHyderabad
_bAlt publications India
_c2002
300 _a1660p
_ccm.
942 _hZ2,2;4, P2
_cTEXL
_2CC
999 _c1141481
_d1141481